Memoria leída en la Junta general celebrada el día 9 de marzo de 1890 / (Record no. 151571)

MARC details
000 -LEADER
campo de control de longitud fija 00655nam a22001575i 4500
001 - NÚMERO DE CONTROL
campo de control 151571
003 - IDENTIFICADOR DE NÚMERO DE CONTROL
campo de control ES-MaACL
005 - FECHA Y HORA DE LA ÚLTIMA TRANSACCIÓN
campo de control 20230906204252.0
008 - DATOS DE LONGITUD FIJA--INFORMACIÓN GENERAL
campo de control de longitud fija 021106s1890 sp |||| | spa d
040 ## - FUENTE DE CATALOGACIÓN
Centro catalogador/agencia de origen CAM
Lengua de catalogación spa
Centro/agencia transcriptor CAM
110 00 - ENTRADA PRINCIPAL--NOMBRE DE ENTIDAD CORPORATIVA
Nombre de entidad corporativa o nombre de jurisdicción como elemento de entrada Asociación Benefica del Distrito del Centro (
Sede del congreso/Lugar de la reunión Madrid)
9 (RLIN) 1511
245 10 - MENCIÓN DEL TÍTULO
Título Memoria leída en la Junta general celebrada el día 9 de marzo de 1890 /
Mención de responsabilidad, etc. Asociación Benéfica del Distrito del Centro.
260 ## - PUBLICACIÓN, DISTRIBUCIÓN, ETC.
Lugar de publicación, distribución, etc. Madrid :
Nombre del editor, distribuidor, etc. [s.n.],
Fecha de publicación, distribución, etc. 1890 (
Fabricante Imprenta de José M. Ducazcal)
300 ## - DESCRIPCIÓN FÍSICA
Extensión 16 p., 4 h. ;
Dimensiones 22 cm.
852 ## - LOCALIZACIÓN
Ubicación ES-MaACL
Número de control de estantería T-553-F-10
Nota libre -- Enc. hol., conservando la cub. original
-- -- Enc. en un vol. facticio
Holdings
Estatus retirado Estado de pérdida Estado de daño No para préstamo Colección Biblioteca de origen Biblioteca actual Ubicación en estantería Fecha de adquisición Total de préstamos Signatura topográfica completa Código de barras Visto por última vez Precio de reemplazo Tipo de ítem Koha
        Colección de folletos Biblioteca del Ateneo de Madrid Biblioteca del Ateneo de Madrid Depósito folletos 17/01/2008   T-553-F-10 1158162 23/02/2023 23/02/2023 Folleto